| 000 | 00000nam 2200000za 4500 |
| 001 | 9.805422 |
| 003 | CaOODSP |
| 005 | 20240527135429 |
| 007 | cr ||||||||||| |
| 008 | 151103s2015||||onc|||||o f|0| 0 eng d |
| 020 | |a978-0-660-03736-3 |
| 040 | |aCaOODSP|beng |
| 043 | |an-cn--- |
| 086 | 1 |aCW66-228/2-2015E-PDF |
| 245 | 00|aQuebec waterfowl conservation plan, 2011 |h[electronic resource] : |bsummary / |c[by] Christine Lepage ... [et al.]. |
| 260 | |aOttawa : |bEnvironment Canada,|c2015. |
| 300 | |a20 p. : |bmap, tables. |
| 490 | 1 |aCanadian Wildlife Service, technical report series ; |vno. 532 |
| 500 | |aIssued also in French under title : Plan de conservation de la sauvagine du Québec, 2011 : sommaire. |
| 500 | |a"Quebec region". |
| 692 | 07|2gccst|aConservation areas |
| 700 | 1 |aLepage, Christine. |
| 710 | 2 |aCanadian Wildlife Service. |
| 775 | 08|tPlan de conservation de la sauvagine du Québec, 2011 |w(CaOODSP)9.805424 |
| 830 | #0|aTechnical report series (Canadian Wildlife Service)|v532|w(CaOODSP)9.504438 |
| 856 | 40|qPDF|s528 MB|uhttps://publications.gc.ca/collections/collection_2016/eccc/CW66-228-2-2015-eng.pdf |